Our shoes (ang aming sapatos) / (Record no. 21928)

000 -LEADER
fixed length control field 00412nam a22001457a 4500
003 - CONTROL NUMBER IDENTIFIER
control field OSt
005 - DATE AND TIME OF LATEST TRANSACTION
control field 20260126121057.0
008 - FIXED-LENGTH DATA ELEMENTS--GENERAL INFORMATION
fixed length control field 260126b2015 xxu|a||| |||| 00| 0 eng d
020 ## - INTERNATIONAL STANDARD BOOK NUMBER
International Standard Book Number 9713621638
040 ## - CATALOGING SOURCE
Transcribing agency csu
100 ## - MAIN ENTRY--PERSONAL NAME
Personal name Custodio, R.M
Relator term author.
245 ## - TITLE STATEMENT
Title Our shoes (ang aming sapatos) /
Statement of responsibility, etc ni R.M Custodio
260 ## - PUBLICATION, DISTRIBUTION, ETC. (IMPRINT)
Place of publication, distribution, etc SGE Publishing, Inc. :
Name of publisher, distributor, etc [name of publisher not idetified],
Date of publication, distribution, etc c2015.
942 ## - ADDED ENTRY ELEMENTS (KOHA)
Source of classification or shelving scheme
Koha item type Books
Holdings
Price effective from Permanent Location Date last seen Not for loan Date acquired Source of classification or shelving scheme Koha item type Uniform Resource Identifier Lost status Withdrawn status Copy number Source of acquisition Collection code Damaged status Barcode Shelving location Current Location
2026-01-26Cagayan State University - Carig Library2026-01-26 2026-01-26 Books1  C000969DonationsChildren Section CS C969 C9875Children SectionCagayan State University - Carig Library

Cagayan State University University Library, Carig Campus
Tuguegarao City, Cagayan 3500 | www.csucarig.edu.ph

Powered by Koha